|
|
|
|
| LEADER |
00000nam0a2200000 4500 |
| 001 |
256964 |
| 005 |
20231101233148.0 |
| 035 |
|
|
|a (RuTPU)RU\TPU\book\279720
|
| 035 |
|
|
|a RU\TPU\book\279716
|
| 090 |
|
|
|a 256964
|
| 100 |
|
|
|a 20140412d1962 m y0rusy50 ca
|
| 101 |
0 |
|
|a rus
|
| 102 |
|
|
|a RU
|
| 105 |
|
|
|a a j 001zy
|
| 200 |
0 |
|
|a Т. 2 : Электричество и магнетизм. Колебания и волны
|f под ред. Н. П. Суворова
|
| 205 |
|
|
|a 3-е изд., перераб. и доп.
|
| 210 |
|
|
|a Москва
|c Высшая школа
|d 1962
|
| 215 |
|
|
|a 643 с.
|c ил.
|
| 320 |
|
|
|a Предм. указ.: с. 627-634.
|
| 320 |
|
|
|a Указатель имен: с. 635-637.
|
| 461 |
|
|
|t Курс физики
|o для втузов
|f Н. В. Кашин
|v Т. 2 : Электричество и магнетизм. Колебания и волны
|d 1962-
|
| 606 |
1 |
|
|a Физика
|2 stltpush
|3 (RuTPU)RU\TPU\subj\63709
|9 80688
|
| 610 |
1 |
|
|a учебные пособия
|
| 610 |
1 |
|
|a электростатика
|
| 610 |
1 |
|
|a вакуум
|
| 610 |
1 |
|
|a закон Кулона
|
| 610 |
1 |
|
|a электрическое поле
|
| 610 |
1 |
|
|a диэлектрики
|
| 610 |
1 |
|
|a проводники
|
| 610 |
1 |
|
|a металлы
|
| 610 |
1 |
|
|a электропроводность
|
| 610 |
1 |
|
|a термоэлектроны
|
| 610 |
1 |
|
|a волны
|
| 610 |
1 |
|
|a акустика
|
| 610 |
1 |
|
|a переменный ток
|
| 610 |
1 |
|
|a электромагнитное поле
|
| 610 |
1 |
|
|a электромагнитные волны
|
| 675 |
|
|
|a 53(075.8)
|v 3
|
| 702 |
|
1 |
|a Суворов
|b Н. П.
|4 340
|
| 801 |
|
1 |
|a RU
|b 63413507
|c 20140412
|
| 801 |
|
2 |
|a RU
|b 63413507
|c 20221122
|g RCR
|
| 942 |
|
|
|c BK
|